batman villian trivia - Statistics

General Stats
  • This quiz has been taken 534 times
  • The average score is 9 of 10
Answer Stats
Hint Answer % Correct
worked with the red hood unitl he fell into a vat of acid The Joker
96%
Extremely intelligent, usually uses clues which leads to his capture The Riddler
94%
he was originally gotham city's D.A. Two-face
94%
Can shapeshift into any shape or form Clayface
90%
South American strongman who is from Santa Prisca Bane
87%
Robs jewelry stores for a living Catwoman
86%
The Demon Head, leader to the league of assassins Ra's Al Ghul
85%
daughter of the above Talia Al Ghul
82%
Major mob boss; wears a mask Black mask
81%
Waylon Jones has a physical deficiency growing up as a child, causing him to look like this the way he does Killer Croc
75%
No matching quizzes found
Score Distribution
Percent of People with Each Score
Percentile by Number Answered
Your Score History
You have not taken this quiz